[Event "Asian Continental-ch Women 2019"]
[Site "XingTai"]
[Date "2019.06.15"]
[Round "9.20"]
[White "Vaishali R"]
[Black "Li, Xueyi"]
[Result "1-0"]
[WhiteElo "2338"]
[BlackElo "2305"]
[Annotator "TA"]
[PlyCount "51"]
[EventDate "2019.06.06"]
[EventType "swiss"]
[EventCountry "CHN"]
[SourceTitle "playchess.com"]
[Source "ChessBase"]
[SourceQuality "1"]

{[%evp 11,51,5,8,-13,-1,-2,31,21,56,51,56,62,66,81,262,262,264,264,252,251,386,376,379,392,372,391,392,391,379,362,375,362,29985,29986,29986,29987,29992,29993,29997,608,29998,29999]} 1. e4 c6 2. d4 d5 3. e5 Bf5 4. h4 h5 5. c4 e6 6. Nc3 Ne7 7. Nge2 {B12: Caro-Kann: Advance Variation} dxc4 (7... Bg4 8. Bg5 Qb6 9. c5 Qc7 10. f3 Bf5 11. Ng3 f6 12. Bf4 Nd7 13. exf6 Qxf4 14. Nce2 Qh6 15. fxe7 Bxe7 16. Nxf5 exf5 {½-½ (27) Sutovsky,E (2647)-Artemiev,V (2704) Poikovsky 2018}) 8. Ng3 $1 Bg6 9. Bg5 {White is slightly better.} Qb6 10. Bxc4 Qxb2 11. Nce4 $1 Nf5 {Hoping for ...Nxg3.} 12. O-O $36 {[%mdl 2048] Black is under strong pressure.} Nxg3 $2 (12... Qb4 $16 {was called for.} 13. Be2 Nxg3 14. Nxg3 Nd7) 13. Rb1 $1 $18 {[%cal Rb1b2]} Qa3 14. fxg3 Bxe4 {[#]} 15. Rxf7 $3 {[%mdl 512]} Qxg3 {[#]} (15... Kxf7 $142 16. Qf1+ Kg6 17. Bxe6 Kh7 18. Bf5+ Bxf5 19. Qxf5+ Kg8) 16. Rf2 $146 b5 {[#]} ({Wrong is} 16... Ba3 $2 17. Rb3 $18) 17. Qe1 $1 {[%cal Re1e4]} Bf5 {[#]} ({Reject} 17... Bxb1 18. Qxb1 Qxf2+ 19. Kxf2) 18. Bxe6 $1 {[%mdl 512]} Qxf2+ (18... Bxe6 19. Rxf8+) 19. Qxf2 Bxe6 {[#]} 20. d5 $1 {[%mdl 512]} cxd5 ({Much weaker is} 20... Bxd5 21. Qf5 $18) 21. Qc2 {Qc7 is the strong threat.} Kf7 $2 (21... Be7 $18 22. Bxe7 Kxe7) 22. Rf1+ Kg8 {[#]} 23. Qg6 $1 {[%mdl 512]} Bc5+ 24. Kh1 Bg4 25. Qf7+ Kh7 {And now ...Rf8 would win.} 26. Rf6 {Accuracy: White = 78%, Black = 39%.} 1-0

[Event "Asian Continental-ch Women 2019"]
[Site "XingTai"]
[Date "2019.06.15"]
[Round "9.21"]
[White "Munguntuul, Batkhuyag"]
[Black "Kulkarni Bhakti"]
[Result "1/2-1/2"]
[WhiteElo "2420"]
[BlackElo "2380"]
[Annotator "TA"]
[PlyCount "96"]
[EventDate "2019.06.06"]
[EventType "swiss"]
[EventCountry "CHN"]
[SourceTitle "playchess.com"]
[Source "ChessBase"]
[SourceQuality "1"]

{[%evp 10,96,28,13,28,27,32,31,37,24,29,28,30,21,25,28,27,22,34,33,39,27,37,11,24,-7,13,6,15,0,24,25,25,26,70,77,63,74,60,49,49,59,69,0,0,0,-1,-67,-59,-77,-68,-68,-71,-52,-56,-72,-34,-49,0,0,0,0,0,0,0,-914,-20,-21,-23,-24,0,-55,-52,-56,-23,-21,-33,-31,-29,-62,-11,-21,0,-3,0,0,0,0,0]} 1. e4 c6 2. Nc3 d5 3. Nf3 Bg4 4. h3 Bxf3 5. Qxf3 e6 6. Be2 Nd7 {B11: Caro-Kann: Two Knights Variation} (6... Nf6 7. O-O Bc5 8. d3 O-O 9. Qg3 Bd4 10. Qh4 Nfd7 11. Qxd8 {½-½ (11) Buhmann,R (2568)-Rodshtein,M (2673) Skopje 2019}) 7. d4 dxe4 8. Nxe4 Ngf6 {White is slightly better.} 9. c3 Be7 10. O-O O-O 11. Rd1 Nxe4 12. Qxe4 Nf6 13. Qf3 Qd5 $146 ({Predecessor:} 13... Qc7 14. Bd3 Rfe8 15. Bc2 Rad8 {1-0 (70) Arkhipov,S (2520)-Verdihanov,V (2365) Azov 1993}) 14. a4 a5 15. Qe3 Rfd8 16. Bf3 Qb3 17. Bd2 Nd5 18. Qe2 Rd7 19. c4 Nb6 20. c5 $36 {[%mdl 2048] White has the initiative.} Nd5 21. Rdb1 {[#] Hoping for Ra3.} e5 22. Ra3 ({Don't play} 22. dxe5 Bxc5 23. Be4 Qb6 $11) 22... Qc2 23. Be4 Nf4 24. Qe1 $1 (24. Bxc2 $2 Nxe2+ 25. Kf1 Nxd4 $17) 24... Qc4 25. Bxf4 $1 Rxd4 26. Rc3 (26. Bxc6 $1 $14 bxc6 27. Bxe5) 26... Qb4 $11 27. Bxh7+ Kxh7 28. Qxe5 (28. Bxe5 $11 Re4 29. Re3 Qxe1+ 30. Rexe1 Rxe1+ 31. Rxe1) 28... Bf6 $1 $15 {[%cal Rf6e5]} 29. Qf5+ Kg8 30. Rf3 Rd5 31. Qc2 Rxc5 32. Qb3 $1 Rd8 33. Bc7 {Qxb4 is the strong threat.} Qe4 34. Rf1 Rd2 35. Qxb7 Rxb2 36. Qa8+ Kh7 37. Bxa5 $2 {[%mdl 8192] [#]} (37. Qf8 $11 Rg5 38. Bg3) 37... Qxa4 $2 ({Black should try} 37... Rg5 $1 $19 {[%mdl 512] ( -> ...Qxf3)} 38. Kh1 Qxa4) 38. Qe8 $1 $11 {aiming for Rxf6!} Qc4 {Threatens to win with ...Re5.} 39. Qe1 $1 Rc2 (39... Qc2 {feels hotter.} 40. Bc7 Rf5 41. Rf4 Rb7 42. Rxf5 Qxf5 43. Ba5 Rb3) 40. Qb4 (40. Bd2 $11) 40... Qxb4 $15 41. Bxb4 Rb5 42. Bd6 Rd5 43. Bf4 c5 44. Rb1 Rd7 ({Better is} 44... c4 $15 45. Rb7 Rd1+ 46. Kh2 c3 47. Rxf7 Re2 48. Rxf6 {[%mdl 64] Remove Defender} gxf6 49. Rxc3 Rxf2) 45. Rb5 {The position is equal.} c4 46. Be5 Bxe5 47. Rxe5 Rc1+ 48. Kh2 c3 {Accuracy: White = 50%, Black = 51%.} 1/2-1/2

[Event "Asian Continental-ch Women 2019"]
[Site "XingTai"]
[Date "2019.06.15"]
[Round "9.22"]
[White "Kurbonboeva, Sarvinoz"]
[Black "Zhai, Mo"]
[Result "1-0"]
[WhiteElo "2259"]
[BlackElo "2358"]
[Annotator "TA"]
[PlyCount "67"]
[EventDate "2019.06.06"]
[EventType "swiss"]
[EventCountry "CHN"]
[SourceTitle "playchess.com"]
[Source "ChessBase"]
[SourceQuality "1"]

{[%evp 20,67,18,29,110,100,126,139,147,172,199,183,277,271,291,302,413,356,384,335,318,271,346,333,320,321,328,331,331,356,339,264,250,267,267,230,252,217,256,257,239,247,394,391,1041,1021,1981,1904,5609,5132]} 1. c4 Nf6 2. Nf3 g6 3. g3 Bg7 4. Bg2 O-O 5. O-O d5 6. cxd5 Nxd5 7. Nc3 c5 8. Nxd5 Qxd5 9. d3 Nc6 10. Be3 Qd6 11. Rc1 b6 {[#] A38: Symmetrical English vs ...g6: 4 Bg2 Bg7 5 Nf3 Nf6} (11... Nd4 $11) (11... Nd4 12. Nxd4 cxd4 13. Bd2 Be6 14. Qa4 Qb6 15. b3 Be5 16. Ba5 Qa6 17. Bc7 Qxa4 18. bxa4 Bxc7 19. Rxc7 Rfc8 20. Rxe7 Rab8 21. Bxb7 {1-0 (40) McShane,L (2697)-Maze,S (2550) Germany 2014}) 12. d4 $1 $16 {[%mdl 512]} Ba6 {[%cal Rc5d4]} (12... cxd4 13. Nxd4) 13. dxc5 bxc5 $146 {White is clearly better.} ({Predecessor:} 13... Qxd1 14. Rfxd1 Bxe2 15. Rd2 Bb5 16. cxb6 axb6 17. b3 Nb4 18. a4 Nd3 19. Rc7 {1-0 (38) Torres,D (2166)-Cordioli,J (1882) Florianopolis 2018}) 14. Rxc5 {Hoping for Qxd6.} Rac8 {[#]} 15. Qa4 $1 {[%cal Ra4a6]} Bb7 (15... Nb8 $142) 16. Rd1 $18 Qf6 17. b4 Rcd8 18. Rdc1 Qb2 19. Rxc6 Bxc6 20. Qxc6 Qxe2 21. Qc2 ({Don't play} 21. Bxa7 Qxa2 22. Be3 Bb2) 21... Qa6 22. Qc4 Qxc4 23. Rxc4 Rc8 24. Rxc8 Rxc8 25. Bxa7 Ra8 26. Bc5 Rxa2 27. Bxe7 Ra3 28. Bc5 Rb3 29. Nd2 Rb2 30. Ne4 Be5 (30... f5 {is a better defense.}) 31. Bf1 Kg7 $2 (31... Rc2 32. f4 Bg7) 32. f4 {White is clearly winning.} f5 33. fxe5 fxe4 34. e6 {Accuracy: White = 74%, Black = 22%.} 1-0

[Event "Asian Continental-ch Women 2019"]
[Site "XingTai"]
[Date "2019.06.15"]
[Round "9.23"]
[White "Zhang, Xiao"]
[Black "Vo, Thi Kim Phung"]
[Result "1/2-1/2"]
[WhiteElo "2234"]
[BlackElo "2337"]
[Annotator "TA"]
[PlyCount "30"]
[EventDate "2019.06.06"]
[EventType "swiss"]
[EventCountry "CHN"]
[SourceTitle "playchess.com"]
[Source "ChessBase"]
[SourceQuality "1"]

{[%evp 13,30,28,24,29,43,42,51,27,32,-1,68,50,89,81,95,22,77,58,70]} 1. d4 d5 2. c4 c6 3. Nf3 Nf6 4. e3 Bg4 5. Nc3 e6 6. h3 Bh5 7. g4 Bg6 8. Ne5 {D11: Slav Defence: 3 Nf3 sidelines and 3...Nf6 4 e3 Bg4} Nfd7 {White should prevent ...Nxe5.} (8... Nbd7 9. Nxg6 hxg6 10. g5 Ng8 11. h4 Bb4 12. Qb3 Bxc3+ 13. bxc3 Ne7 14. Ba3 Nb6 15. Bxe7 Qxe7 {½-½ (85) Ding,L (2774)-Carlsen,M (2837) Saint Louis 2017}) 9. Nxg6 hxg6 10. Qf3 Be7 11. Bd3 Nf6 $146 (11... Nb6 $11) ({Predecessor:} 11... dxc4 12. Bxc4 Nf6 {1-0 (31) Sanz Lopez,R (1945)-Buil Montanes,C (1924) Aragon 2012}) 12. g5 Nfd7 {[#]} 13. h4 $1 Na6 14. cxd5 (14. a3 $16) 14... exd5 (14... Nb4 $11 15. e4 cxd5) 15. Bd2 Nb4 1/2-1/2

[Event "Asian Continental-ch Women 2019"]
[Site "XingTai"]
[Date "2019.06.15"]
[Round "9.24"]
[White "Hoang, Thi Bao Tram"]
[Black "Li, Yunshan"]
[Result "1-0"]
[WhiteElo "2293"]
[BlackElo "2264"]
[Annotator "TA"]
[PlyCount "53"]
[EventDate "2019.06.06"]
[EventType "swiss"]
[EventCountry "CHN"]
[SourceTitle "playchess.com"]
[Source "ChessBase"]
[SourceQuality "1"]

{[%evp 15,73,-7,-2,-18,0,-14,5,2,29,23,23,23,23,25,35,21,26,20,30,27,66,64,188,206,215,206,205,183,196,203,223,192,252,234,356,362,412,401,416,384,511,523,718,618,571,542,931,906,899,886,2334,2281,1587,1006,2260,2126,29971,29972,29964,5704]} 1. d4 d5 2. Nf3 Nf6 3. Bf4 e6 4. e3 c5 5. c3 Nc6 6. Nbd2 Bd6 7. Bg3 O-O 8. Bd3 b6 9. O-O {D02: 1 d4 d5 2 Nf3 sidelines, including 2...Nf6 3 g3 and 2...Nf6 3 Bf4} (9. Qe2 Bb7 10. Rd1 Re8 11. e4 Be7 12. e5 Nh5 13. h4 cxd4 14. Nxd4 Nxg3 15. fxg3 Bc5 16. N2f3 f5 {½-½ (45) Esipenko,A (2593)-Karjakin,S (2753) St Petersburg 2018}) 9... Bb7 10. Qe2 Re8 11. Ne5 {The position is equal.} Qe7 $146 ({Predecessor:} 11... Qc7 12. Nxc6 Bxc6 13. Bxd6 Qxd6 14. f4 c4 15. Bc2 b5 16. e4 dxe4 {0-1 (32) Neverov,V (2488)-Karthik,V (2525) Taleigao 2018}) 12. Rad1 Nd7 {[%cal Rc6e5]} 13. Ndf3 f6 14. Nxc6 Bxc6 15. e4 Bxg3 16. hxg3 Nf8 17. Rfe1 Rad8 18. exd5 Bxd5 (18... Rxd5 $14 19. Bc4 Rd7) 19. Bb5 $18 Nd7 {[#]} 20. dxc5 $1 Qxc5 {[#]} 21. c4 $1 {[%cal Rc4d5]} Bxf3 22. gxf3 Qc8 23. b4 a6 (23... Kh8 {is a better defense.} 24. Qe4 Rf8 25. Bxd7 Rxd7) 24. Ba4 Qb7 (24... Re7 {keeps fighting.} 25. Qd2 Kf7) 25. f4 e5 26. Rd2 Qc8 {next ...exf4 is good for Black.} 27. Qd1 {Played: Qe2-g4} 1-0

[Event "Asian Continental-ch Women 2019"]
[Site "XingTai"]
[Date "2019.06.15"]
[Round "9.25"]
[White "Pham, Bich Ngoc"]
[Black "Ren, Xiaoyi"]
[Result "1-0"]
[WhiteElo "2167"]
[BlackElo "2255"]
[Annotator "TA"]
[PlyCount "79"]
[EventDate "2019.06.06"]
[EventType "swiss"]
[EventCountry "CHN"]
[SourceTitle "playchess.com"]
[Source "ChessBase"]
[SourceQuality "1"]

{[%evp 12,79,7,8,19,-8,-3,-20,-19,-32,-22,-58,-30,-39,-10,-54,-53,-58,0,0,-21,-17,0,0,49,-28,-20,-49,-56,-60,51,45,35,39,30,32,105,92,189,199,326,283,263,281,351,337,412,403,407,408,413,411,558,568,718,702,785,448,595,443,449,414,439,386,601,591,690,683,662,586]} 1. c4 c6 2. Nf3 d5 3. e3 Nf6 4. d4 Bf5 5. Nc3 e6 6. Be2 h6 7. O-O Bd6 {D12: Slav Defence: 3 Nf3 Nf6 4 e3 Bf5} (7... Nbd7 8. b3 Bd6 9. Bb2 O-O 10. Rc1 Qe7 11. h3 Ne4 12. Bd3 Nxc3 13. Bxc3 Bxd3 14. Qxd3 Bb4 15. Bxb4 Qxb4 16. e4 dxe4 17. Qxe4 {1-0 (28) Radjabov,T (2788)-Chadaev,N (2580) Astana 2012}) 8. Nd2 O-O $146 ({Predecessor:} 8... c5 9. dxc5 Bxc5 10. Nb3 Bb6 11. Bf3 Be4 12. Bxe4 Nxe4 13. Nxe4 dxe4 14. Qg4 O-O 15. Qxe4 Nc6 16. Bd2 Qe7 17. Bc3 Rfd8 18. Nd4 Nxd4 19. exd4 Qc7 20. c5 Ba5 21. b4 {1-0 (21) Meleshko,M (2036)-Mironenko,R (2200) Dnipropetrovsk 2005}) 9. f4 c5 {The position is equal.} 10. Nb3 dxc4 11. Bxc4 cxd4 12. Nxd4 Bg4 13. Qb3 Nbd7 14. h3 Nc5 15. Qc2 $1 Bh5 16. f5 exf5 17. Nxf5 ({Don't play} 17. Qxf5 Kh8 $17) 17... Kh8 18. e4 (18. b4 $14 Ne6 19. Ne4 (19. Nxd6 Qxd6 20. Nb5 Qg3 $11)) 18... Be5 $11 19. Be3 Rc8 20. g4 Bxg4 ({Black should play} 20... Bg6 $15 21. Rad1 Qe8) 21. hxg4 $14 Nxg4 22. Qe2 Nxe3 23. Qxe3 {Strongly threatening Rad1.} Qb6 (23... Na4 $14 24. Nxa4 Rxc4) 24. Rf2 $16 {aiming for Nd5.} Bxc3 (24... Ne6 $16 {might work better.}) 25. bxc3 $18 Na4 (25... Rce8 {keeps fighting.}) 26. Qxb6 Nxb6 {[#]} 27. Bb3 $1 Rxc3 28. Nd6 Kh7 29. Nxf7 Re8 30. Re1 a5 31. e5 Re7 32. Nd6 Rg3+ 33. Kh2 Rg5 34. Bc2+ Kg8 35. Ref1 {[%csl Gf1][%cal Rf2f8]} Nd7 36. e6 Nf6 {If Black can now play ...Ng4+ this consolidates a bit.} 37. Rg2 Ng4+ (37... Kf8 $142 38. Rxg5 hxg5) 38. Kg1 {White is clearly winning.} Ne3 39. Rxg5 hxg5 {[#]} 40. Nf5 $1 {[%mdl 512] Accuracy: White = 59%, Black = 32%.} 1-0